Normal view MARC view
  • Computer vision

Entry Topical Term

Number of records used in: 2

001 - CONTROL NUMBER

  • control field: 41067

003 - CONTROL NUMBER IDENTIFIER

  • control field: OSt

005 - DATE AND TIME OF LATEST TRANSACTION

  • control field: 20160907155608.0

008 - FIXED-LENGTH DATA ELEMENTS

  • fixed length control field: 160907|| aca||babn | a|a d

040 ## - CATALOGING SOURCE

  • Original cataloging agency: OSt

150 ## - HEADING--TOPICAL TERM

  • Topical term or geographic name as entry element: Computer vision
  • Form subdivision: Congresses